| 000 | 01118cam a22003377a 4500 | ||
|---|---|---|---|
| 999 |
_c123 _d123 |
||
| 001 | 15356471 | ||
| 003 | OSt | ||
| 005 | 20190726114323.0 | ||
| 008 | 080707s2006 ie j 000 1 eng | ||
| 010 | _a 2008428107 | ||
| 015 |
_aGBA657626 _2bnb |
||
| 016 | 7 |
_a013499981 _2Uk |
|
| 020 | _a9780862789794 (pbk.) | ||
| 020 | _a0862789796 (pbk.) | ||
| 035 | _a(OCoLC)ocm70230261 | ||
| 040 |
_aUKM _cUKM _dOCLCG _dDLC |
||
| 042 |
_aukscp _alccopycat |
||
| 082 | 0 | 4 |
_aFIC KOS _222 |
| 100 | 1 |
_aKostick, Conor, _d1964- |
|
| 245 | 1 | 0 |
_aSaga / _cConor Kostick. |
| 260 |
_aDublin : _bO'Brien, _c2006. |
||
| 300 |
_a315 p. ; _c20 cm. |
||
| 501 | _aFrom the author of the internationally-acclaimed EPIC | ||
| 650 | 0 |
_aComputer games _vFiction. |
|
| 655 | 0 | _aYoung adult fiction. | |
| 655 | 7 |
_aScience fiction. _2gsafd |
|
| 700 |
_aSahara, Tony _eCover illustrator |
||
| 906 |
_a7 _bcbc _ccopycat _d3 _encip _f20 _gy-gencatlg |
||
| 942 |
_2ddc _cFIC |
||